[Event "European Blitz 2021"]
[Site "Katowice POL"]
[Date "2021.12.17"]
[Round "14.39"]
[White "Praczukowski, Stanislaw"]
[Black "Druckenthaner, Andreas"]
[Result "1/2-1/2"]
[BlackTitle "FM"]
[WhiteElo "2068"]
[BlackElo "2291"]
[WhiteFideId "1182730"]
[BlackFideId "1600567"]
[EventDate "2021.12.17"]

1. e4 g6 2. d4 Bg7 3. Nf3 d6 4. c3 Nf6 5. Bd3 O-O 6. O-O Nc6 7. Re1 e5 8. h3 h6
9. Be3 exd4 10. cxd4 Nb4 11. Nc3 Nxd3 12. Qxd3 c6 13. Rad1 Re8 14. Bf4 Be6 15.
d5 cxd5 16. exd5 Bf5 17. Qd2 Ne4 18. Nxe4 Bxe4 19. Bxh6 Bxf3 20. Rxe8+ Qxe8 21.
gxf3 Bxh6 22. Qxh6 Qe2 23. Qd2 Re8 24. Kg2 Re5 25. b3 f6 26. Qxe2 Rxe2 27. Rc1
Rxa2 28. Rc8+ Kg7 29. Rc7+ Kh6 30. Rxb7 Rd2 31. Rxa7 Rxd5 32. Rd7 Kg5 33. Kg3
Rb5 34. Rxd6 Rxb3 35. Rd4 Ra3 36. Rb4 Rc3 37. Rb5+ f5 38. Rb4 Ra3 39. Rc4 Rb3
40. Rc2 Ra3 41. Rc8 Rb3 42. h4+ Kf6 43. Rc4 Ra3 44. Rb4 Rc3 45. Ra4 Rb3 46. Kf4
Rb6 47. Rc4 Ra6 48. Rc8 Ra4+ 49. Kg3 Ra6 50. Rf8+ Kg7 51. Rb8 Kf6 52. Rb1 Rc6
53. Rh1 Rc5 54. f4 Rc3+ 55. f3 Rc8 56. Ra1 Rc6 57. Ra7 Rb6 58. Rh7 Rb1 59. h5
gxh5 60. Rh6+ Kg7 61. Rxh5 Kf6 62. Rh6+ Kg7 63. Ra6 Rb4 64. Rc6 Ra4 65. Rc5 Kf6 1/2-1/2

[Event "European Blitz 2021"]
[Site "Katowice POL"]
[Date "2021.12.17"]
[Round "14.41"]
[White "Kacprzak, Kacper"]
[Black "Karolczuk, Iwo"]
[Result "0-1"]
[BlackTitle "FM"]
[WhiteElo "2219"]
[BlackElo "2357"]
[WhiteFideId "21819319"]
[BlackFideId "21816972"]
[EventDate "2021.12.17"]

1. e4 e5 2. Nf3 Nc6 3. Bb5 a6 4. Ba4 Nf6 5. O-O Be7 6. d3 b5 7. Bb3 d6 8. a3 O-O
9. Nc3 Na5 10. Ba2 c5 11. b4 cxb4 12. axb4 Nc6 13. Nd5 Nxd5 14. Bxd5 Bb7 15. c3
Qd7 16. Re1 Kh8 17. Qb3 Nd8 18. Be3 f5 19. exf5 Rxf5 20. Nd2 Bxd5 21. Qxd5 Qc6
22. c4 Rf8 23. Ne4 bxc4 24. dxc4 Rb8 25. Reb1 h6 26. h3 Kh7 27. Qd3 Kh8 28. Nc3
Ne6 29. Nd5 Bg5 30. b5 axb5 31. cxb5 Qc8 32. Ra6 Bxe3 33. fxe3 Nc5 34. Qa3 Nxa6
35. bxa6 Rxb1+ 36. Kh2 Qc1 37. Qxd6 Qg1+ 38. Kg3 Rbf1 39. Ne7 R1f3+ 40. Kh4 Qf2+
41. Kh5 Rxh3+ 42. gxh3 Qf3+ 43. Kg6 Rf6+ 44. Qxf6 Qxf6+ 0-1

[Event "European Blitz 2021"]
[Site "Katowice POL"]
[Date "2021.12.17"]
[Round "14.42"]
[White "Budrewicz, Krzysztof"]
[Black "Sotsky, Alexander"]
[Result "1-0"]
[BlackTitle "IM"]
[WhiteElo "2183"]
[BlackElo "2333"]
[WhiteFideId "1127950"]
[BlackFideId "4130715"]
[EventDate "2021.12.17"]

1. d4 d5 2. c4 e6 3. Nc3 f5 4. Nf3 Nf6 5. g3 c6 6. Bg2 Bd6 7. O-O O-O 8. b3 Bd7
9. Bb2 Be8 10. a4 Qe7 11. a5 a6 12. Na4 Nbd7 13. c5 Bc7 14. Nb6 Rd8 15. b4 Ne4
16. Ne5 Bxe5 17. dxe5 Bh5 18. f3 Ng5 19. Qd2 Nf7 20. Qe3 h6 21. Na4 g5 22. Bd4
f4 23. gxf4 gxf4 24. Qxf4 Ng5 25. Qe3 Qg7 26. Kh1 Rf7 27. Nb2 Rdf8 28. Nd3 Bg6
29. Nf2 Rf4 30. Ng4 h5 31. Nf6+ R4xf6 32. exf6 Qh6 33. h4 Nf7 34. Qxe6 Nb8 35.
Be3 Qh7 36. Rg1 Kh8 37. Bh3 Rg8 38. Rg2 Nd8 39. Qe5 Qf7 40. Rag1 Kh7 41. Qg5 Ne6
42. Qh6# 1-0

[Event "European Blitz 2021"]
[Site "Katowice POL"]
[Date "2021.12.17"]
[Round "14.43"]
[White "Kos, Pawel"]
[Black "Czerw, Dawid"]
[Result "0-1"]
[BlackTitle "FM"]
[WhiteElo "2234"]
[BlackElo "2396"]
[WhiteFideId "1120085"]
[BlackFideId "1145746"]
[EventDate "2021.12.17"]

1. Nf3 c5 2. g3 Nc6 3. Bg2 g6 4. O-O Bg7 5. c3 Nf6 6. a3 a5 7. a4 O-O 8. d3 e5
9. Nfd2 d5 10. Na3 Re8 11. e4 Be6 12. Nb5 Qd7 13. Re1 Rad8 14. Qe2 b6 15. b3 h6
16. Bb2 dxe4 17. Nxe4 Nxe4 18. Qxe4 Ne7 19. c4 Bf5 20. Qb7 Qxb7 21. Bxb7 Bxd3
22. Nc7 Rf8 23. Bxe5 Bxe5 24. Rxe5 Rd7 25. Nd5 Nxd5 26. Bxd5 Kg7 27. Rae1 Kf6
28. R5e3 Bf5 29. f4 h5 30. Kg2 Rh8 31. h3 Rhd8 32. Re5 Bc2 33. R1e3 Bf5 34. Re1
Rd6 35. Re7 R8d7 36. Re8 Rxd5 37. cxd5 Rxd5 38. Rb8 Rd2+ 39. Kf3 Bxh3 40. Rxb6+
Kg7 41. Re7 Bg4+ 42. Ke3 Re2+ 43. Kd3 Rxe7 44. Kc4 Rc7 45. Kd5 Be6+ 46. Kd6 Rc8
47. Rb5 c4 48. bxc4 Rxc4 49. Rxa5 Rc3 50. Rg5 Rd3+ 51. Kc7 Rd5 52. a5 Rxg5 53.
fxg5 f6 54. Kd6 Bg4 55. gxf6+ Kxf6 56. Kd5 Kf5 57. Kd4 Bf3 58. Ke3 Ba8 59. a6
Kg4 60. Kf2 Bc6 61. a7 Ba8 0-1

[Event "European Blitz 2021"]
[Site "Katowice POL"]
[Date "2021.12.17"]
[Round "14.44"]
[White "Walter, Szymon"]
[Black "Grzadka, Marcin"]
[Result "1-0"]
[WhiteTitle "FM"]
[WhiteElo "2286"]
[BlackElo "2195"]
[WhiteFideId "1172590"]
[BlackFideId "1109197"]
[EventDate "2021.12.17"]

1. e4 c6 2. d4 d5 3. f3 Nf6 4. e5 Nfd7 5. f4 e6 6. Nf3 g6 7. Bd3 c5 8. c3 Nc6 9.
Be3 h5 10. Qc2 Rg8 11. Nbd2 c4 12. Be2 b5 13. g4 hxg4 14. Ng5 Be7 15. Bxg4 Nf8
16. h4 b4 17. h5 Bxg5 18. fxg5 gxh5 19. Bxh5 Ne7 20. Bg4 a5 21. Nf1 a4 22. a3
bxc3 23. bxc3 Qa5 24. Rb1 Bd7 25. Ng3 Ra6 26. Nh5 Kd8 27. Nf6 Rg7 28. Rh8 Ng6
29. Rh2 Rb6 30. Rxb6 Qxb6 31. Qc1 Ne7 32. Rb2 Qa5 33. Rb8+ Bc8 34. Qb2 Nd7 35.
Rb5 Qc7 36. Nxd7 Bxd7 37. Rb7 Qa5 38. Rb8+ Nc8 39. Kf2 Rh7 40. Kg2 Qc7 41. Qb4
Rh8 42. g6 fxg6 43. Bg5+ Ke8 44. Qe7# 1-0

[Event "European Blitz 2021"]
[Site "Katowice POL"]
[Date "2021.12.17"]
[Round "14.45"]
[White "Jazdanovs, Aleksandrs"]
[Black "Janaszak, Dawid"]
[Result "0-1"]
[WhiteTitle "CM"]
[BlackTitle "FM"]
[WhiteElo "2089"]
[BlackElo "2333"]
[WhiteFideId "11604492"]
[BlackFideId "1119206"]
[EventDate "2021.12.17"]

1. e4 c5 2. Nf3 Nc6 3. Nc3 g6 4. d4 cxd4 5. Nxd4 Bg7 6. Be3 Nf6 7. Bc4 O-O 8.
Bb3 Re8 9. f3 e6 10. Qd2 d5 11. O-O-O Nxd4 12. Bxd4 e5 13. Bf2 d4 14. Ne2 a5 15.
c3 a4 16. Bc2 a3 17. b3 Qc7 18. Kb1 dxc3 19. Qxc3 Qb8 20. Bd3 Be6 21. g4 b5 22.
h4 h5 23. gxh5 Nxh5 24. Qb4 Bf8 25. Bc5 Bxc5 26. Qxc5 b4 27. Rc1 Rd8 28. Rhd1
Qd6 29. Qxd6 Rxd6 30. Bb5 Rad8 31. Rxd6 Rxd6 32. Kc2 f5 33. Bc4 Kf7 34. Bxe6+
Kxe6 35. Rg1 Kf6 36. exf5 gxf5 37. Rg5 Ng7 38. Nc1 Rc6+ 39. Kd2 Ne6 40. Rg1 Nd4
41. Rf1 Rc2+ 42. Kd3 Rc3+ 43. Kd2 Nxf3+ 44. Kd1 e4 45. Ne2 Rd3+ 46. Kc2 Rd2+ 0-1

[Event "European Blitz 2021"]
[Site "Katowice POL"]
[Date "2021.12.17"]
[Round "14.46"]
[White "Wisniewski, Michal"]
[Black "Czernek, Tymon"]
[Result "1-0"]
[WhiteTitle "FM"]
[BlackTitle "FM"]
[WhiteElo "2103"]
[BlackElo "2224"]
[WhiteFideId "1159682"]
[BlackFideId "1199510"]
[EventDate "2021.12.17"]

1. Nf3 Nf6 2. c4 g6 3. g3 Bg7 4. Bg2 O-O 5. O-O d6 6. Nc3 Nc6 7. d3 e5 8. Rb1
Ne8 9. b4 a6 10. Nd5 h6 11. a4 Ne7 12. e4 Nxd5 13. cxd5 f5 14. Bd2 Nf6 15. Qe2
g5 16. Rfc1 f4 17. Bf1 Bg4 18. h3 Bh5 19. g4 Be8 20. Ra1 Nh7 21. Bc3 h5 22. d4
Qc8 23. dxe5 hxg4 24. Nh2 f3 25. Qc4 dxe5 26. Nxg4 Rf4 27. Ne3 Bf7 28. Bb2 c6
29. Qc2 Bg6 30. dxc6 bxc6 31. Qxc6 Qb8 32. Qxg6 Nf8 33. Bc4+ Kh8 34. Qh5+ Nh7
35. Nf5 Qxb4 36. Rab1 Qd2 37. Qg6 Rxf5 38. exf5 Qf4 39. Bd3 Rd8 40. f6 Nxf6 41.
Bf5 Rd2 42. Rc7 Rd1+ 43. Rxd1 Ne8 44. Qxe8+ 1-0

[Event "European Blitz 2021"]
[Site "Katowice POL"]
[Date "2021.12.17"]
[Round "14.47"]
[White "Bauer, Thomas"]
[Black "Bognar, Csaba Dr."]
[Result "0-1"]
[WhiteTitle "CM"]
[BlackTitle "FM"]
[WhiteElo "2214"]
[BlackElo "2135"]
[WhiteFideId "1639293"]
[BlackFideId "709760"]
[EventDate "2021.12.17"]

1. e4 d6 2. d4 Nf6 3. Nc3 g6 4. Bf4 c6 5. Qd2 Nbd7 6. h4 e5 7. dxe5 dxe5 8. Bg5
h6 9. Be3 Ng4 10. O-O-O Nxe3 11. Qxe3 Bc5 12. Qg3 Qf6 13. Nh3 Nb6 14. Kb1 Bxh3
15. gxh3 Bxf2 16. Qg2 Bxh4 17. Be2 O-O 18. Rdf1 Qe7 19. Rhg1 Kh7 20. Qf3 Nd7 21.
Bc4 Bf6 22. h4 Bxh4 23. Bxf7 Bg5 24. a3 Kg7 25. Rxg5 Qxg5 26. Qd3 Nc5 27. Qc4
Qe7 28. b4 Nd7 29. Bxg6 Rxf1+ 30. Qxf1 Kxg6 31. Qf5+ Kg7 32. Qg4+ Kf8 33. Qf5+
Ke8 34. Na4 b6 0-1

[Event "European Blitz 2021"]
[Site "Katowice POL"]
[Date "2021.12.17"]
[Round "14.48"]
[White "Kukula, Pawel"]
[Black "Povilaitis, Tomas"]
[Result "1-0"]
[WhiteElo "2109"]
[BlackElo "2101"]
[WhiteFideId "1115081"]
[BlackFideId "12811700"]
[EventDate "2021.12.17"]

1. d4 Nf6 2. Nf3 e6 3. Nbd2 d5 4. e3 Be7 5. Bd3 O-O 6. O-O c5 7. c3 b6 8. Ne5
Bb7 9. Qf3 Nbd7 10. Qh3 Nxe5 11. dxe5 Ne4 12. f3 Ng5 13. Qg3 f5 14. exf6 Bxf6
15. f4 Nf7 16. Nf3 Qc7 17. Qh3 h6 18. g4 e5 19. g5 e4 20. gxf6 exd3 21. fxg7
Rfe8 22. Bd2 Rad8 23. Rae1 Re7 24. Rf2 Rdd7 25. Nh4 Nd6 26. Ng6 Rxg7 27. f5 Ne4
28. Qxh6 Kf7 29. Rg2 Nxd2 30. Rxd2 Rd8 31. Rg2 Rdg8 32. Qh5 d4 33. e4 dxc3 34.
bxc3 c4 35. Re3 Qc5 36. Kf2 d2 37. Rg1 Rd8 38. Rd1 Rd3 39. Nf4+ Ke7 40. Nxd3
cxd3 41. f6+ Kxf6 42. Qxc5 bxc5 43. Rxd3 Bxe4 44. R3xd2 c4 45. Rd6+ Ke5 46. Ra6
Bd3 47. Re1+ Kf4 48. Rf6+ Kg5 49. Rf3 Rd7 1-0

[Event "European Blitz 2021"]
[Site "Katowice POL"]
[Date "2021.12.17"]
[Round "14.49"]
[White "Grzesik, Gracjan"]
[Black "Masternak, Grzegorz"]
[Result "0-1"]
[BlackTitle "IM"]
[WhiteElo "2208"]
[BlackElo "2330"]
[WhiteFideId "1194593"]
[BlackFideId "1100505"]
[EventDate "2021.12.17"]

1. c4 e5 2. Nc3 Nc6 3. Nf3 g6 4. d4 exd4 5. Nxd4 Bg7 6. Nxc6 bxc6 7. g3 Ne7 8.
Bg2 O-O 9. O-O d6 10. Qa4 Bd7 11. Qa5 Qc8 12. Bg5 Re8 13. Rfd1 Nf5 14. c5 Re5
15. Ne4 h6 16. Bf4 Rd5 17. Rxd5 cxd5 18. Nc3 d4 19. Nd5 c6 20. Nc7 Rb8 21. Bxd6
Rxb2 22. Qxa7 d3 23. exd3 Bd4 24. Rf1 Nxd6 25. Qa4 Nf5 26. Na6 Be6 27. Nb4 Bxc5
28. Nxc6 Rxa2 29. Qb5 Bf8 30. Rc1 Qd7 31. Qb8 Kg7 32. Ne5 Qd4 33. Rf1 Bd6 0-1

[Event "European Blitz 2021"]
[Site "Katowice POL"]
[Date "2021.12.17"]
[Round "14.50"]
[White "Malik, Maciej"]
[Black "Rudnicki, Milosz"]
[Result "1-0"]
[WhiteElo "1948"]
[BlackElo "2200"]
[WhiteFideId "21007071"]
[BlackFideId "1120077"]
[EventDate "2021.12.17"]

1. d4 Nf6 2. Nf3 e6 3. e3 b6 4. Bd3 Bb7 5. O-O d5 6. b3 Nbd7 7. Ne5 Nxe5 8. dxe5
Ne4 9. f3 Nc5 10. Bb5+ c6 11. Be2 Be7 12. a3 Nd7 13. Bb2 Qc7 14. f4 f6 15. exf6
Bxf6 16. Bxf6 Nxf6 17. Bd3 O-O-O 18. Nd2 e5 19. Bf5+ Kb8 20. Kh1 d4 21. exd4
Rxd4 22. fxe5 Rhd8 23. Bd3 Qxe5 24. Nf3 Qc5 25. Nxd4 Qxd4 26. Qf3 Ka8 27. Qf4
Qd5 28. Qf5 Qd6 29. Rae1 c5 30. Qg5 Rd7 31. Bb5 Rd8 32. Qg3 Qd4 33. Re7 Ne4 34.
Qc7 Rb8 35. Ba6 Nd6 36. Bxb7+ Nxb7 37. Qe5 Qd2 38. Qe2 Qg5 39. Rff7 h5 40. Rxb7
Rxb7 41. Rf8+ Rb8 42. Qe4+ 1-0

[Event "European Blitz 2021"]
[Site "Katowice POL"]
[Date "2021.12.17"]
[Round "14.52"]
[White "Kolasa, Pjotrs"]
[Black "Snihur, Piotr"]
[Result "1/2-1/2"]
[WhiteElo "2051"]
[BlackElo "2279"]
[WhiteFideId "11604255"]
[BlackFideId "1157191"]
[EventDate "2021.12.17"]

1. Nf3 d5 2. e3 Nf6 3. c4 e6 4. Nc3 Be7 5. Be2 O-O 6. O-O b6 7. cxd5 exd5 8. b3
c5 9. d4 Bb7 10. Bb2 Nc6 11. dxc5 bxc5 12. Rc1 Rc8 13. Na4 Ne4 14. Nd2 Nb8 15.
Nxe4 dxe4 16. Bc4 Qc7 17. Qe2 Rfd8 18. Rfd1 Bd6 19. h3 Nc6 20. Nc3 Ne5 21. Nd5
Qb8 22. Bxe5 Bxd5 23. Bxd6 Bxc4 24. Qxc4 Rxd6 25. Qxe4 Rcd8 26. Rxd6 Qxd6 27.
Qc4 Qd2 28. Qc2 Qa5 29. Rd1 Rxd1+ 30. Qxd1 g6 31. Qc2 Qb4 32. a4 Kg7 33. Qc4
Qe1+ 34. Kh2 Qa5 35. Qd5 Qc7+ 36. g3 Qb6 37. Kg2 h6 38. h4 h5 39. Qe5+ Kh7 40.
Qd5 Kg7 41. Qc4 Qc6+ 42. e4 Qd6 43. Kf3 Qf6+ 44. Ke3 Qd6 45. Qd5 Qb6 46. Kf3
Qf6+ 47. Kg2 Qb6 48. e5 Kf8 49. Kf3 Ke7 50. Qc4 Qb7+ 51. Ke3 Qb6 52. Qd5 c4+ 53.
Qd4 cxb3 54. Qxb6 axb6 55. Kd3 Ke6 56. Kc3 Kxe5 57. Kxb3 Kd5 58. Kb4 Kc6 59. Kc4
Kd6 60. Kb5 Kc7 61. Kb4 Kd6 62. Kb5 Kc7 63. Kc4 Kd6 64. Kb4 Kc6 65. Kc4 Kd6 66.
Kb5 Kc7 1/2-1/2

[Event "European Blitz 2021"]
[Site "Katowice POL"]
[Date "2021.12.17"]
[Round "14.53"]
[White "Jaskolka, Tomasz"]
[Black "Brzezinski, Mateusz"]
[Result "1-0"]
[WhiteTitle "CM"]
[WhiteElo "2193"]
[BlackElo "2187"]
[WhiteFideId "1170791"]
[BlackFideId "1177117"]
[EventDate "2021.12.17"]

1. d4 Nf6 2. Bf4 g6 3. Nc3 d5 4. e3 Nbd7 5. Nf3 Bg7 6. Nb5 O-O 7. Bxc7 Qe8 8.
Bg3 Qd8 9. Bd3 Nh5 10. Qd2 a6 11. Nc3 e6 12. Bd6 Re8 13. h4 Ndf6 14. Be5 Ng4 15.
Bxg7 Nxg7 16. Ne2 b5 17. Nf4 Qd6 18. h5 e5 19. dxe5 Nxe5 20. Nxe5 Qxe5 21. hxg6
Qxf4 22. gxf7+ Qxf7 23. Bxh7+ Kf8 24. Qb4+ Qe7 25. Qf4+ Qf7 26. Qd6+ Qe7 27.
Qxd5 Be6 28. Qf3+ Qf7 29. Qxf7+ Kxf7 30. Bd3 Rh8 31. Ke2 Rxh1 32. Rxh1 Rc8 33.
a3 a5 34. Rh4 Rc5 35. Rf4+ Ke7 36. g4 Ne8 37. Rd4 Nd6 38. c3 Bc4 39. f4 Bxd3+
40. Kxd3 Nc4 41. b4 axb4 42. axb4 Rc6 43. Rd5 Nb2+ 44. Kd4 Rc4+ 45. Ke5 Rxc3 46.
e4 Nc4+ 47. Kf5 Ne3+ 48. Ke5 Nxd5 49. Kxd5 Rc4 50. f5 Rxb4 51. g5 Rb1 52. e5
Rd1+ 53. Ke4 b4 54. g6 b3 55. f6+ Ke6 56. g7 Rg1 1-0

[Event "European Blitz 2021"]
[Site "Katowice POL"]
[Date "2021.12.17"]
[Round "14.54"]
[White "Skawinski, Arkadiusz"]
[Black "Paprocki, Jaroslaw"]
[Result "1-0"]
[WhiteTitle "FM"]
[WhiteElo "2366"]
[BlackElo "2158"]
[WhiteFideId "1126415"]
[BlackFideId "1122274"]
[EventDate "2021.12.17"]

1. e4 e5 2. Nf3 Nc6 3. Bb5 Nf6 4. O-O Bc5 5. Nc3 d6 6. h3 O-O 7. d3 Ne7 8. Bg5
c6 9. Bxf6 gxf6 10. Ba4 a5 11. Bb3 b5 12. a4 b4 13. Ne2 f5 14. Ng3 f4 15. Ne2
Bb6 16. d4 Bc7 17. dxe5 dxe5 18. Qxd8 Rxd8 19. Ng5 Rf8 20. Rfd1 h6 21. Nf3 Re8
22. Nc1 Ng6 23. Nd3 Bb6 24. Bc4 Kg7 25. Re1 Ra7 26. Rad1 Rd7 27. Kf1 Kf6 28. Nd2
Rd4 29. Ba2 Ba6 30. Nf3 Rd6 31. Rd2 Red8 32. Red1 c5 33. Ke1 c4 34. Ndxe5 Rxd2
35. Ng4+ Ke7 36. Rxd2 h5 37. Nge5 Rxd2 38. Nxg6+ fxg6 39. Nxd2 c3 40. bxc3 bxc3
41. Nb1 Bd4 42. Na3 g5 43. f3 Kd6 44. Bc4 Bc8 45. Ke2 Kc5 46. Bb5 Be6 47. Kd3
Kb4 48. Kxd4 Kxa3 49. Kxc3 g4 50. hxg4 hxg4 51. e5 g3 52. Kd4 Bh3 53. Bf1 Bd7
54. Ke4 Bxa4 55. Kxf4 Bxc2 56. Bb5 Kb4 57. Bd7 a4 58. e6 a3 59. e7 Bg6 60. Be6
Kc3 61. Kxg3 Kb2 62. Kf4 a2 63. Bxa2 Kxa2 64. Kg5 Be8 65. Kf6 Kb3 66. g4 Kc4 67.
g5 Kd5 68. g6 1-0

[Event "European Blitz 2021"]
[Site "Katowice POL"]
[Date "2021.12.17"]
[Round "14.55"]
[White "Tymrakiewicz, Rafal"]
[Black "Sutbas, Batuhan"]
[Result "1-0"]
[WhiteTitle "FM"]
[WhiteElo "2205"]
[BlackElo "1705"]
[WhiteFideId "1108832"]
[BlackFideId "6390129"]
[EventDate "2021.12.17"]

1. d4 d5 2. Bg5 h6 3. Bf4 c5 4. e3 Nc6 5. c3 g5 6. Bg3 Qb6 7. Qb3 c4 8. Qc2 Nf6
9. Nd2 Bg7 10. e4 dxe4 11. Nxc4 Qd8 12. h4 g4 13. Ne2 Bf5 14. Ne3 Bg6 15. Nf4
Rc8 16. Qb3 Bh7 17. h5 Nxd4 18. cxd4 Qa5+ 19. Kd1 O-O 20. Ng6 Rfd8 21. Nxe7+ Kh8
22. d5 Rc5 23. Rc1 Rxc1+ 24. Kxc1 Qc5+ 25. Kb1 Qxe7 26. Bc4 a6 27. a4 b5 28.
axb5 axb5 29. d6 Qa7 30. Qxb5 Ra8 31. Qa6 Qxa6 32. Bxa6 Rxa6 33. d7 Nxd7 34. Rd1
Nf8 35. Rd8 Rb6 36. Nc4 Rb7 37. Ka2 Rd7 38. Rc8 Kg8 39. b4 f5 40. Bd6 Ra7+ 41.
Kb3 f4 42. Bxf4 Bf5 43. Rb8 Be6 44. b5 Kf7 45. b6 Ra1 46. Rb7+ Nd7 47. Kb4 Rb1+ 1-0

[Event "European Blitz 2021"]
[Site "Katowice POL"]
[Date "2021.12.17"]
[Round "14.57"]
[White "Sliwicka, Alicja"]
[Black "Kolesnikovs, Ivans"]
[Result "1/2-1/2"]
[WhiteTitle "WIM"]
[WhiteElo "2289"]
[BlackElo "2052"]
[WhiteFideId "1150677"]
[BlackFideId "11602244"]
[EventDate "2021.12.17"]

1. e4 e6 2. d4 d5 3. e5 c5 4. c3 Nc6 5. Nf3 Qb6 6. Bd3 cxd4 7. O-O Bd7 8. Re1
Nge7 9. h4 h6 10. Nbd2 Nf5 11. Nb3 dxc3 12. bxc3 Bc5 13. Nxc5 Qxc5 14. a4 Qxc3
15. Ba3 Nb4 16. Bxf5 exf5 17. Re3 Qc5 18. a5 Qxa5 19. Rb1 Nc6 20. Rxb7 Rb8 21.
Rxb8+ Nxb8 22. Nd4 Nc6 23. Nxc6 Bxc6 24. Qc2 Bd7 25. Rb3 Qe1+ 26. Kh2 Qxe5+ 27.
g3 Kd8 28. Bc1 Qc7 29. Qb1 g5 30. Qb2 Re8 31. Rb8+ Ke7 32. Qa3+ Qd6 33. Qe3+ Qe6
34. Ba3+ Kf6 35. Qd4+ Qe5 36. Bb2 Qxd4 37. Bxd4+ Kg6 38. Rb7 Bc6 39. Rxa7 gxh4
40. gxh4 Re4 41. Bb2 Rxh4+ 42. Kg3 Rg4+ 43. Kh3 Rb4 44. Be5 Re4 45. f4 Re3+ 46.
Kh2 Re2+ 47. Kg3 Rc2 48. Rc7 f6 49. Bd4 Rc4 50. Bb2 Rc2 51. Bd4 Rc4 52. Bb2 d4
53. Rc8 Bd5 54. Rd8 Rc5 55. Bxd4 Rb5 56. Rd6 Be4 57. Bxf6 Rb3+ 58. Kh2 Rf3 59.
Be5+ Kh5 60. Rd8 Rf2+ 61. Kg1 Rg2+ 62. Kf1 Rc2 63. Rb8 Kg4 64. Rg8+ Kf3 65. Kg1
Rc1+ 66. Kh2 Ke3 67. Rb8 Rh1+ 68. Kg3 Rg1+ 69. Kh2 Re1 70. Rb3+ Bd3 71. Rb6 h5
72. Rh6 Be2 73. Rb6 Kf3 74. Rb3+ Ke4 75. Rb4+ Kd5 76. Rb8 Bg4 77. Rb5+ Ke4 78.
Rb4+ Kd3 79. Rb3+ Kc4 80. Rb2 Rc1 81. Rb8 Rc2+ 82. Kg3 Ra2 83. Rb2 Ra3+ 84. Kh2
h4 85. Rd2 Bf3 86. Kh3 Bg4+ 87. Kxh4 Rh3+ 88. Kg5 Rd3 89. Rxd3 Kxd3 90. Bf6 1/2-1/2

[Event "European Blitz 2021"]
[Site "Katowice POL"]
[Date "2021.12.17"]
[Round "14.58"]
[White "Cyboran, Katarzyna"]
[Black "Kacprzak, Karol"]
[Result "0-1"]
[WhiteElo "1771"]
[BlackElo "2226"]
[WhiteFideId "1170597"]
[BlackFideId "21819327"]
[EventDate "2021.12.17"]

1. e4 c5 2. Nf3 d6 3. d4 cxd4 4. Qxd4 Nf6 5. Nc3 Nc6 6. Bb5 Bd7 7. Bxc6 Bxc6 8.
Bg5 e6 9. O-O-O Be7 10. h4 O-O 11. Rhe1 Qa5 12. Qd3 h6 13. Bd2 Qa6 14. Qxa6 bxa6
15. Bf4 e5 16. Bg3 Rab8 17. Nd5 Bxd5 18. exd5 Rfc8 19. Rd2 Rb5 20. Red1 Rcc5 21.
a4 Rb4 22. c3 Rxa4 23. Kc2 Raa5 24. b4 Ra2+ 25. Kb3 Rxd2 26. Rxd2 Rxd5 27. Ra2
Rd3 28. Kc2 e4 29. Ne1 Rd5 30. c4 Rf5 31. Rxa6 Nh5 32. Bxd6 Rxf2+ 33. Kb3 Bxd6
34. Rxd6 Kf8 35. Ra6 Re2 36. Nc2 Rxg2 37. c5 e3 38. Nxe3 Rg3 39. Kc4 Rxe3 40. c6
Ke7 41. Rxa7+ Kd6 42. b5 Re4+ 43. Kd3 Rb4 44. Rb7 Nf4+ 45. Kc3 Nd5+ 46. Kd3 Nf6
47. Rxf7 Rxb5 48. c7 Rc5 49. Rxg7 h5 50. Rg6 Ke6 51. Rg5 Rxc7 52. Rg1 Rc5 53.
Kd4 Rd5+ 54. Ke3 Rf5 55. Ke2 Ke5 0-1

[Event "European Blitz 2021"]
[Site "Katowice POL"]
[Date "2021.12.17"]
[Round "14.59"]
[White "Putlak, Wojciech"]
[Black "Smolik, Jachym"]
[Result "1-0"]
[WhiteElo "2000"]
[BlackElo "2244"]
[WhiteFideId "1183303"]
[BlackFideId "23701641"]
[EventDate "2021.12.17"]

1. Nf3 Nf6 2. c4 e6 3. Nc3 d5 4. cxd5 exd5 5. d4 Be7 6. Bf4 O-O 7. e3 c6 8. Ne5
Bf5 9. Bd3 Bxd3 10. Qxd3 Nbd7 11. Nxd7 Qxd7 12. h3 Qe6 13. O-O a5 14. a4 Nd7 15.
Bh2 f5 16. Ne2 Bd6 17. Bxd6 Qxd6 18. Nf4 Rae8 19. b3 g5 20. Ne2 Re6 21. Ng3 Ref6
22. f4 g4 23. hxg4 fxg4 24. Kf2 Qe7 25. Rh1 c5 26. dxc5 Nxc5 27. Qxd5+ Kh8 28.
Rh5 Rd6 29. Qxc5 Qd7 30. Qe5+ Kg8 31. Rg5+ Rg6 32. Rxg6+ hxg6 33. Rh1 Qd2+ 34.
Ne2 g3+ 35. Kf3 1-0

[Event "European Blitz 2021"]
[Site "Katowice POL"]
[Date "2021.12.17"]
[Round "14.60"]
[White "Grossmann, Ryszard"]
[Black "Pacuszka, Tomasz"]
[Result "0-1"]
[WhiteTitle "FM"]
[BlackTitle "FM"]
[WhiteElo "1899"]
[BlackElo "2193"]
[WhiteFideId "1102214"]
[BlackFideId "1119036"]
[EventDate "2021.12.17"]

1. c4 e5 2. Nc3 Nc6 3. g3 Bb4 4. Bg2 Bxc3 5. dxc3 d6 6. e4 Be6 7. b3 Qd7 8. Be3
a5 9. a4 Nf6 10. h3 h6 11. Qd2 Qe7 12. Ne2 Nd7 13. O-O Nc5 14. Rab1 b6 15. f4 f6
16. f5 Bf7 17. g4 O-O-O 18. Ng3 Rdg8 19. Qc2 Na6 20. Rfd1 h5 21. Kf2 hxg4 22.
hxg4 Rh4 23. Bf3 Rgh8 24. Rg1 Rh2+ 25. Rg2 Rxg2+ 26. Kxg2 Kb7 27. Rh1 Qf8 28.
Nh5 Ne7 29. Qd1 Nc5 30. Qc2 Qg8 31. Kf2 Nc6 32. Qd1 Nd7 33. Qc2 g6 34. Ng3 Rxh1
35. Bxh1 gxf5 36. Nxf5 Qxg4 37. Bf3 Qh3 38. Bg2 Qh5 39. Bf3 Qh2+ 40. Bg2 Be6 41.
Qd2 Qh5 42. Ng3 Qf7 43. Bf3 Nc5 44. Qd1 Ne7 45. Bh5 Qh7 46. Bf3 Ng6 47. b4 Qh2+
48. Bg2 Nh4 49. Qg1 Qxg2+ 50. Qxg2 Nxg2 51. Kxg2 Nxa4 52. bxa5 bxa5 53. Nh5 Nxc3
54. Nxf6 a4 55. Bc1 Bxc4 56. Kf3 Nb5 57. Ke3 Nd4 58. Bb2 Nc6 59. Kd2 Be6 60. Kc3
Kb6 61. Ba3 Na7 62. Kb4 Bb3 63. Nd7+ Kc6 64. Nb8+ Kb7 65. Nd7 Nc6+ 66. Kc3 Kc8
67. Nf6 Na7 68. Kb4 Kb7 69. Nd7 Bc2 70. Nf6 Nc6+ 71. Kc3 Bb3 72. Nd7 Nd4 73. Nf6
c5 74. Bb2 Kc6 75. Ng8 Nb5+ 76. Kd2 Bxg8 77. Kc2 a3 78. Ba1 a2 79. Kb2 Nd4 80.
Kc3 d5 81. exd5+ Bxd5 0-1